| 000 | 00996nam a2200145 4500 | ||
|---|---|---|---|
| 008 | 708 M999p | ||
| 082 |
_a708 _bM999p |
||
| 100 |
_aMarxuach, Michelle _97033 |
||
| 245 | _aPuerto Rico`00 [Paréntesis en la ¨ciudad¨] | ||
| 260 |
_aPuerto Rico _bM&M Proyectos _bagnès b. _c2001 |
||
| 300 |
_a255 p. _bil (col) _c23 x 17 cm |
||
| 505 |
_tMúltiples / Papers _rMaría Inés Rodríguez _tImágenes múltiples _rVirginia Pérez Ratton _tDisidencias y rupturas _rMaria Lluïsa Borràs _tEscenificando la a/puesta _rMichelle Marxuach _tContra el muro _rGuillermo Santamarina _tEndurance _rExit Art: Jannette Ingberman y Papo Colo _tIntervenciones urbanas _rMichelle Marxuach / Dean Daderko / Fernando Castro / Guillermo Santamarina _tUn oasis en el desierto _rMichelle Marxuach / Mercedes Trelles _tU/topias _rMichelle Marxuach _tAlbum _tRecuento del evento _tSimposium _tEnglish texts |
||
| 650 |
_xarte contemporáneo _xarte - Puerto Rico _xarte - proyectos independientes _97034 |
||
| 700 |
_aZaya, Antonio _95799 |
||
| 999 |
_c1783 _d1783 |
||